000 00499nam a22001937a 4500
005 20260422122135.0
008 260422b |||||||| |||| 00| 0 eng d
020 _a9789393168085
_c995.00
040 _aMAIN
041 _aEnglish
082 _a660.6
_bSIN
100 _aSingh, B.D.
_91395
245 _aBiotechnology
_b: Expanding Horizons
250 _a5th
260 _aNew Delhi
_bMedTech Science Press
_c2026
300 _a978
650 _aBiological Science (PM USHA)
_926674
942 _cBK
999 _c60668
_d60668